000 01157nam0a22002411 4500
001 rc\2358041
005 20260407124207.0
035 _a(NLR Aleph) 006477836
090 _a6002369
_c6002369
100 _a20110829d1977 |||y0rusy50 ca
101 0 _arus
102 _aRU
105 _ay z |||||
200 1 _aРазработка научно обоснованных критериев построения структуры аппарата управления производственных объединений (комбинатов) с учетом использования прогрессивных трудовых нормативов и более совершенной системы оплаты труда служащих
_eТез. докл. Для обсуждения на Ученом совете
_f[НИИ труда]
210 _a[Москва
_cБ. и.
_d1977]
215 _a7 с.
_d20
309 _aБез тит. л. и обл.
712 0 2 _aНИИ труда
_cМосква
_9426279
_3RU\NLR\AUTH\889965033
801 0 _aRU
_bNLR
_gpsbo
801 1 _aRU
_bELAR
_2rusmarc
852 _aNLR
_j78-4/5963
942 _cBOOK
980 _aNB